Enclaves and Exclaves - Statistics

General Stats
  • This quiz has been taken 1,767 times
  • The average score is 7 of 14
Answer Stats
Territory Country % Correct
Alaska United States of America
100%
Kaliningrad Russia
94%
Gibraltar United Kingdom
93%
Campione d'Italia Italy
84%
Ceuta Spain
77%
Büsingen Germany
69%
Baarle-Hertog Belgium
58%
Cabinda Angola
49%
Nakhichivan Azerbaijan
37%
Musandam Oman
21%
Nahwa United Arab Emirates
15%
Temburong Brunei
13%
Oecusse East Timor
11%
Shohimardon Uzbekistan
6%
No matching quizzes found
Score Distribution
Percent of People with Each Score
Percentile by Number Answered
Your Score History
You have not taken this quiz